Migrants with Irregular Status in Europe (Record no. 24730)

MARC details
000 -LEADER
fixed length control field 00985nam a2200121Ia 4500
008 - FIXED-LENGTH DATA ELEMENTS--GENERAL INFORMATION
fixed length control field 220620s9999||||xx |||||||||||||| ||und||
245 #0 - TITLE STATEMENT
Title Migrants with Irregular Status in Europe
Remainder of title Evolving Conceptual and Policy Challenges
546 ## - LANGUAGE NOTE
Language note English[eng]
650 ## - SUBJECT ADDED ENTRY--TOPICAL TERM
Topical term or geographic name entry element Migration||Political Science||Population Economics||International Relations||Sociology of Migration||Open access||irregular migration in Europe||migration and integration||social equality||refugees||European human rights||immigration law enforcement||social movement of vulnerable groups||non-removable migrants||irregular work||European Union||Labour market||Migration policy||Mobilisation||Asylum seekers||Migration, immigration & emigration||Political science & theory||Political economy||Population & demography||International relations
700 ## - ADDED ENTRY--PERSONAL NAME
Personal name Spencer, Sarah||Triandafyllidou, Anna
856 ## - ELECTRONIC LOCATION AND ACCESS
Uniform Resource Identifier <a href="https://library.oapen.org/bitstream/20.500.12657/39538/1/2020_Book_MigrantsWithIrregularStatusInE.pdf">https://library.oapen.org/bitstream/20.500.12657/39538/1/2020_Book_MigrantsWithIrregularStatusInE.pdf</a>
942 ## - ADDED ENTRY ELEMENTS (KOHA)
Koha item type E-Books
Holdings
Withdrawn status Lost status Damaged status Not for loan Home library Current library Date acquired Total Checkouts Date last seen Price effective from Koha item type
        Kerala University of Digital Sciences, Innovation and Technology Knowledge Centre Kerala University of Digital Sciences, Innovation and Technology Knowledge Centre 20/06/2022   20/06/2022 20/06/2022 E-Books